Welcome to CU Library Online Public Access Catalogue (OPAC)

Introduction to public procurement / (Record no. 2514)

MARC details
000 -LEADER
fixed length control field 00876cam a2200241 a 4500
001 - CONTROL NUMBER
control field 16343488
005 - DATE AND TIME OF LATEST TRANSACTION
control field 20250113160752.0
008 - FIXED-LENGTH DATA ELEMENTS--GENERAL INFORMATION
fixed length control field 100721s2009 vaua 001 0 eng d
020 ## - INTERNATIONAL STANDARD BOOK NUMBER
International Standard Book Number 1932315209 (h.c.)
020 ## - INTERNATIONAL STANDARD BOOK NUMBER
International Standard Book Number 9781932315202 (h.c.)
050 00 - LIBRARY OF CONGRESS CALL NUMBER
Classification number JF1525.P85
Item number P58 2009
100 1# - MAIN ENTRY--PERSONAL NAME
Personal name Pitzer, Jack T.
245 10 - TITLE STATEMENT
Title Introduction to public procurement /
Statement of responsibility, etc. Jack T. Pitzer, Khi V. Thai.
250 ## - EDITION STATEMENT
Edition statement 3rd ed.
260 ## - PUBLICATION, DISTRIBUTION, ETC.
Place of publication, distribution, etc. Herndon, VA :
Name of publisher, distributor, etc. National Institute of Governmental Purchasing,
Date of publication, distribution, etc. c2009.
300 ## - PHYSICAL DESCRIPTION
Extent xi, 244 p. :
Other physical details ill. ;
Dimensions 25 cm.
500 ## - GENERAL NOTE
General note "Prepared for the National Institute of Governmental Purchasing under the LEAP Program."
650 #0 - SUBJECT ADDED ENTRY--TOPICAL TERM
Topical term or geographic name entry element Government purchasing
Geographic subdivision United States.
650 #0 - SUBJECT ADDED ENTRY--TOPICAL TERM
Topical term or geographic name entry element Public contracts
Geographic subdivision United States.
700 1# - ADDED ENTRY--PERSONAL NAME
Personal name Thai, Khi V.,
Dates associated with a name 1941-
710 2# - ADDED ENTRY--CORPORATE NAME
Corporate name or jurisdiction name as entry element National Institute of Governmental Purchasing (U.S.)
942 ## - ADDED ENTRY ELEMENTS (KOHA)
Source of classification or shelving scheme Library of Congress Classification
Koha item type Books
Suppress in OPAC No
999 ## -
-- 2514
-- 2514
Holdings
Withdrawn status Lost status Source of classification or shelving scheme Damaged status Not for loan Collection Home library Current library Shelving location Date acquired Total checkouts Full call number Barcode Date last seen Copy number Price effective from Koha item type
    Library of Congress Classification     Non-fiction Business Library (Miotso) Business Library (Miotso) General stacks 04/21/2026   JF1525.P85P58 PIT BSSM00003363 04/21/2026 1 04/21/2026 Books
    Library of Congress Classification     Non-fiction Undergraduate Library (Christ Temple) Undergraduate Library (Christ Temple) General stacks 01/13/2025   JF1525.P85P58 PIT Bulct00000781 01/13/2025 1 01/13/2025 Books
© 2023-2024 Copyright: Central University Libraries. All Rights Reserved | Created by: Mahone Tech Office